Problematika převodních cen v podnicích České republiky

Charakteristika transfer pricingu. Definícia prevodnej ceny a legislatíva. Modelový príklad vplyvu prevodných cien. Prevodné ceny v Českej republike a vo svetovom merítku. Globálne trendy.

Saved in:
Bibliographic Details
Main Author: Jáč, Ivan
Format: Book Chapter
Language:Czech
Subjects:
Tags: Add Tag
No Tags, Be the first to tag this record!

MARC

LEADER 00000naa$a2200000$$$4500
001 0066525
005 20231107071748.0
041 0 |a cze 
044 |a CZ 
245 1 0 |a Problematika převodních cen v podnicích České republiky  |c Ivan Jáč 
520 |a Charakteristika transfer pricingu. Definícia prevodnej ceny a legislatíva. Modelový príklad vplyvu prevodných cien. Prevodné ceny v Českej republike a vo svetovom merítku. Globálne trendy. 
610 2 0 |a ceny transferové 
610 2 0 |a Česko 
610 2 0 |a legislatíva 
610 2 0 |a dane 
100 1 |a Jáč, Ivan